Быстрое умножение - Statistics

General Stats
  • This quiz has been taken 9 487 times
  • The average score is 7 of 8
Answer Stats
Ответ % Correct
1*7 7
87%
1*1 1
86%
2*2 4
86%
1*8 8
86%
2*5 10
85%
1*2 2
85%
1*3 3
85%
1*4 4
85%
5*1 5
85%
1*6 6
85%
2*4 8
85%
3*3 9
85%
5*2 10
84%
3*4 12
84%
3*5 15
84%
5*3 15
84%
3*1 3
84%
1*5 5
84%
3*2 6
84%
1*9 9
84%
4*3 12
83%
4*4 16
83%
2*9 18
83%
2*1 2
83%
4*1 4
83%
2*3 6
83%
2*8 16
82%
4*5 20
82%
5*4 20
82%
5*5 25
82%
4*2 8
82%
2*6 12
81%
2*7 14
81%
3*7 21
81%
3*6 18
79%
3*9 27
78%
5*6 30
78%
4*6 24
77%
3*8 24
76%
4*7 28
76%
4*8 32
73%
4*9 36
73%
No matching quizzes found
Score Distribution
Percent of People with Each Score
Percentile by Number Answered
Your Score History
You have not taken this quiz